MARC

LEADER 00000nam0a2200000 4500
001 351066
005 20231102010351.0
035 |a (RuTPU)RU\TPU\retro\5498 
090 |a 351066 
100 |a 20190320d1938 m y0rusy50 ca 
101 0 |a rus 
102 |a RU 
105 |a a j 001zy 
200 1 |a Асинхронные машины  |e учебник для втузов  |f К. И. Шенфер 
205 |a 4-е изд., перераб. и доп. 
210 |a Москва  |a Ленинград  |c ГОНТИ  |c Редакция энергетической литературы  |d 1938 
215 |a 412 с.  |c ил. 
316 |5 63413507: КР-6403  |a На переднем форзаце владельческая подпись: "А. Воробьев" 
317 |5 63413507: КР-6403  |a Поступила в НТБ в 1987 г. в дар от вдовы ученого Е. К. Завадовской 
320 |a Основные обозначения: с. 406-407 
320 |a Алфавитный указатель: с. 408-412 
606 1 |a Электрические машины, асинхронные  |2 stltpush  |3 (RuTPU)RU\TPU\subj\27155  |9 50951 
610 1 |a асинхронные двигатели 
610 1 |a роторные обмотки 
610 1 |a короткозамкнутые роторы 
610 1 |a крутящий момент 
610 1 |a потери 
610 1 |a КПД 
610 1 |a коэффициент полезного действия 
610 1 |a нагревание 
610 1 |a круговые диаграммы 
610 1 |a многофазные асинхронные двигатели 
610 1 |a однофазные асинхронные двигатели 
610 1 |a скорость 
610 1 |a регулирование 
610 1 |a каскадные соединения 
610 1 |a сдвиг по фазе 
610 1 |a расчет 
610 1 |a ток короткого замыкания 
610 1 |a рассеяние 
610 1 |a магнитные потоки 
610 1 |a учебники 
610 1 |a библиотека А. А. Воробьева 
610 1 |a дары библиотеке 
610 1 |a владельческая надпись 
675 |a 621.313.33(075.8)  |v 4 
700 1 |a Шенфер  |b К. И.  |g Клавдий Ипполитович 
801 1 |a RU  |b 63413507  |c 20190320 
801 2 |a RU  |b 63413507  |c 20200213  |g RCR 
942 |c BK